Applied differential equations /
Guardado en:
| Autor Principal: | |
|---|---|
| Formato: | Libro |
| Idioma: | English |
| Publicado: |
Englewood Cliffs, N.J. :
Prentice-Hall,
c1967.
|
| Edición: | 2nd ed. |
| Series: | Prentice-Hall mathematics series
|
| Etiquetas: |
Agregar Etiqueta
Sin Etiquetas, Sea el primero en etiquetar este registro!
|
| LEADER | 00573cam a22001815 4500 | ||
|---|---|---|---|
| 001 | MAT.inmabb001837 | ||
| 008 | 740514s1967####njua#####b####001#0#eng#d | ||
| 005 | 20150716171325.0 | ||
| 245 | 1 | 0 | |a Applied differential equations / |c Murray R. Spiegel. |
| 250 | |a 2nd ed. | ||
| 260 | |a Englewood Cliffs, N.J. : |b Prentice-Hall, |c c1967. | ||
| 300 | |a xv, 412 p. : |b il. ; |c 24 cm. | ||
| 440 | 0 | |a Prentice-Hall mathematics series | |
| 504 | |a Bibliografía: p. 365. | ||
| 100 | 1 | |a Spiegel, Murray R. | |
| 084 | |a 34-01 |2 msc2000 | ||
| 010 | |a 67010753 | ||
| 859 | |h 34 |i Sp755 |p A-3301 |b BIB. MATEMATICA | ||
